| 000 | 00651nam a2200181 i 4500 | ||
|---|---|---|---|
| 001 | 17515 | ||
| 003 | ES-MaACL | ||
| 005 | 20230906151614.0 | ||
| 007 | t| | ||
| 008 | 010323s2000 sp ||||1| spa d | ||
| 020 | _a84-239-9628-X | ||
| 080 | _a37:061.231(460.27) | ||
| 100 | 1 |
_aPuelles Benítez, Manuel de. _994134 |
|
| 245 | 1 | 3 |
_aEl Colegio de Doctores y Licenciados de Madrid (1899-1999) _b: una historia pública / _cManuel de Puelles Benítez. |
| 260 |
_aMadrid : _bEspasa-Calpe, _c[2000] |
||
| 610 | 2 |
_aColegio de Doctores y Licenciados en Filosofía y Letras y en Ciencias de Madrid- _xHistoria. _92902 |
|
| 852 |
_aES-MaACL _jL-24326 _bR.129474 |
||
| 999 |
_c17515 _d17515 |
||